| 000 | 01518nam a22004337a 4500 | ||
|---|---|---|---|
| 001 | 000095252 | ||
| 003 | CHAP | ||
| 005 | 20220922131328.0 | ||
| 008 | 060217d2005 mx r 00110 spa d | ||
| 010 | _a91718 | ||
| 011 | _a92690 | ||
| 035 | _a103255 | ||
| 040 | _cCHAP | ||
| 090 | _aTesis | ||
| 100 | 1 |
_aTrejo Martínez, Víctor Hugo. _9114761 |
|
| 245 | 1 | 0 |
_aEvaluación de aplicaciones de fertilizantes y estimulantes del crecimiento, como promotores de brotación en uva de mesa CV. Perlette, en Sonora, México / _c/por Víctor Hugo Trejo Martínez. |
| 260 |
_aChapingo, Méx. : _bEl autor, _c2005. |
||
| 300 | _a62 h. | ||
| 502 | _aTesis (Ing. Agr. Esp. en Fitotecnia) - - UACH. Departamento de Fitotecnia | ||
| 590 |
_aALEPH _b10 _c20130110 |
||
| 590 |
_aBATCH-UPD _b10 _c20130110 |
||
| 590 |
_aBATCH-UPD _b10 _c20130410 |
||
| 590 |
_aBATCH-UPD _b10 _c20130914 |
||
| 590 |
_aBATCH-UPD _b10 _c20140324 |
||
| 590 |
_aBATCH-UPD _b10 _c20141002 |
||
| 590 |
_aCONVERSION _b10 _c20130109 |
||
| 590 |
_aE12093SGE _b10 _c20130610 |
||
| 650 | 1 | 4 |
_aFertilizantes _xEfecto en vid. _940561 |
| 650 | 1 | 4 |
_aUva _xSonora. _9117141 |
| 650 | 1 | 4 |
_aVid _xCrecimiento. _9119103 |
| 650 | 1 | 4 |
_aVid _xCrecimiento _xEstimulantes. _9119104 |
| 856 |
_uhttp://10.13.5.2/tesis/103255.pdf _yTexto completo |
||
| 901 | _aBK | ||
| 905 | _aLilia | ||
| 942 |
_cCD _2ddc |
||
| 942 |
_n0 _2ddc |
||
| 949 |
_aTesis _bBC _cTES _d00000001032551 _eTS1 _h44647 _i103255 _sb |
||
| 949 |
_aTesis _bBC _cTES _d33724000983920 _eTS2 _fc.2 _h44648 _i103255 _si |
||
| 999 |
_c91718 _d91718 |
||